000 004560000a22001810004500
003 MACL
005 20160102131118.0
008 160102b xxu||||| |||| 00| 0 eng d
040 _aMACL
_cMACL
041 _aEnglish
082 _a610/HIT
100 _aHittleman, Richard L
_927031
245 _aYoga
_bThe 8 Steps to Health and Peace
260 _bHamlyn
_c1976
_aEngland
350 _a59
650 _aMedical Science
_927032
942 _cBK
_k610/HIT
_2ddc
999 _c37122
_d37122